[Event "Ambelokipi op 104th"]
[Site "Athens"]
[Date "2010.04.10"]
[Round "1"]
[White "Zorbas, Nikolaos"]
[Black "Kamenets, Anatolij"]
[Result "0-1"]
[WhiteElo "1814"]
[BlackElo "2229"]
[PlyCount "74"]
[EventDate "2010.04.10"]
[EventType "swiss"]
[EventRounds "7"]
[EventCountry "GRE"]
[SourceTitle "EXT 2024"]
[Source "ChessBase"]
[SourceDate "2023.10.10"]
[SourceVersion "1"]
[SourceVersionDate "2023.10.10"]
[SourceQuality "1"]

1. e4 c5 2. Nf3 Nc6 3. d4 cxd4 4. Nxd4 g6 5. Nxc6 bxc6 6. Qd4 f6 7. Bc4 Bg7 8. Nc3 Nh6 9. 0-0 Nf7 10. Be3 0-0 11. Qd2 e6 12. Rad1 Qe7 13. Na4 d6 14. b4 Rd8 15. Qe2 Bd7 16. Bb3 f5 17. exf5 gxf5 18. Qh5 Qe8 19. g4 fxg4 20. Qxg4 e5 21. Qh4 Be6 22. c4 Nh8 23. Kh1 Ng6 24. Qe4 Kh8 25. f4 exf4 26. Rxf4 Nxf4 27. Qxf4 Qh5 28. Rg1 Be5 29. Bd4 Rf8 30. Bxe5+ dxe5 31. Qg3 Rg8 32. Qf2 Rxg1+ 33. Kxg1 Qg5+ 34. Kf1 Qc1+ 35. Ke2 Bg4+ 36. Kd3 Rd8+ 37. Ke4 Qg5 0-1